Normal view MARC view
  • Galeano, Eduardo,

Entry Nombre Personal

Number of records used in: 27

001 - NUMERO DE CONTROL

  • campo de control: 28874

003 - IDENTIFICADOR DE NUMERO DE CONTROL

  • campo de control: UPN

005 - FECHA Y HORA DE LA ÜLTIMA TRANSACCIÓN

  • campo de control: 20230202092732.0

008 - DATOS DE LONGITUD FIJA

  • campo de control de longitud fija: nabaccnnaabn|||||||||| b |nc|||||d

010 ## - NÚMERO DE CONTROL DE LA BIBLIOTECA DEL CONGRESO

  • Número de control LC: n 79056069

016 ## - NÚMERO DE CONTROL DE UNA AGENCIA BIBLIOGRÁFICA NACIONAL

  • Número de control del registro: 1031F3103E

035 ## - NUMERO DE CONTROL

  • Número de control: (CaEvSKY)skya1370259

035 ## - NUMERO DE CONTROL

  • Número de control: (Uk)000369582

035 ## - NUMERO DE CONTROL

  • Número de control: (OCoLC)oca00289176

040 ## - FUENTE DE CATALOGACIÓN

  • Lenguaje de catalogación: spa
  • Agencia de transcripción: DLC
  • Agencia original de catalogación: DLC
  • Agencia que lo modifica: DLC
  • Agencia que lo modifica: WU
  • Agencia que lo modifica: OCoLC
  • Agencia que lo modifica: DLC
  • Agencia que lo modifica: MX-SlUA
  • Agencia que lo modifica: DLC
  • Agencia que lo modifica: Uk
  • Agencia que lo modifica: DLC
  • Agencia que lo modifica: CaOONL
  • Agencia que lo modifica: DLC

042 ## - CÓDIGO DE AUTENTICACIÓN

  • Código de autenticación: nlc

046 ## - FECHAS CON CODIFICACIÓN ESPECIAL

  • Fuente del formato de fecha: edtf
  • Fecha de nacimiento: 1940-09-03
  • Fecha de muerte: 2015-04-13

053 #4 - NÚMERO DE CLASIFICACIÓN LC

  • Número de clasificación elemento-número único o número inicial de tramo: PQ8520.17.A4

100 1# - ENCABEZAMIENTO - NOMBRE PERSONAL

  • Nombre personal: Galeano, Eduardo,
  • Fechas asociadas con el nombre: 1940-2015

370 ## - LUGAR ASOCIADO

  • Fuente del término: naf
  • Place of birth: Montevideo (Uruguay)
  • Place of death: Montevideo (Uruguay)
  • Associated country: Uruguay

372 ## - CAMPO DE ACTIVIDAD

  • Fuente del término: lcsh
  • Field of activity: Periodismo
  • Field of activity: Ficción

374 ## - OCUPACIÓN

  • Fuente del término: lcsh
  • Occupation: Periodista
  • Occupation: Novelista
  • Occupation: Escritor

375 ## - GÉNERO

  • Fuente del término: lcdgt
  • Gender: masculino

377 ## - LENGUA ASOCIADA

  • Language code: spa

378 ## - FORMA COMPLETA DE NOMBRE PERSONAL

  • Fuller form of personal name: Eduardo Germán María Hughes

400 1# - VEÁSE - NOMBRE DE PERSONA

  • Personal name: Hughes Galeano, Eduardo Germán María,
  • Dates associated with a name: 1940-2015

400 0# - VEÁSE - NOMBRE DE PERSONA

  • Personal name: Alencastro,
  • Dates associated with a name: 1940-2015

400 0# - VEÁSE - NOMBRE DE PERSONA

  • Personal name: Hughes Galeano, Eduardo,
  • Dates associated with a name: 1940-2015

400 1# - VEÁSE - NOMBRE DE PERSONA

  • Personal name: Galeano, Eduardo Hughes,
  • Dates associated with a name: 1940-2015

400 1# - VEÁSE - NOMBRE DE PERSONA

  • Personal name: Galeʼano, Edṿardo,
  • Dates associated with a name: 1940-2015

670 ## - FUENTE EN LA QUE SE LOCALIZARON DATOS

  • Cita de la fuente: LC

670 ## - FUENTE EN LA QUE SE LOCALIZARON DATOS

  • Cita de la fuente: En su obra: Los fantasmas del día del león, 1967.

670 ## - FUENTE EN LA QUE SE LOCALIZARON DATOS

  • Cita de la fuente: En su obra: Days and nights of love and war, 1982:
  • Información localizada: CIP portada (Eduardo Galeano)

670 ## - FUENTE EN LA QUE SE LOCALIZARON DATOS

  • Cita de la fuente: Author’s name in manuscript on fly leaf at front: Venas abiertas de América Latina, 1971:
  • Información localizada: ("Alencastro" Eduardo Galeano)

670 ## - FUENTE EN LA QUE SE LOCALIZARON DATOS

  • Cita de la fuente: El fútbol a sol y sombra, 2008:
  • Información localizada: portada (Eduardo Galeano) solapa delantera (Eduardo Galeano nació en Montevideo, en 1940 allí se inició en el oficio periodístico, publicando dibujos y crónicas en el Seminario Marcha y director del diario Época en 1964 y 1966)

670 ## - FUENTE EN LA QUE SE LOCALIZARON DATOS

  • Cita de la fuente: Wikipedia www site, 21 January 2013:
  • Información localizada: Eduardo Galeano (Eduardo Germán María Hughes Galeano, born 3 September 1940, Uruguayan journalist, writer and novelist)

670 ## - FUENTE EN LA QUE SE LOCALIZARON DATOS

  • Cita de la fuente: New York times (online), viewed Apr. 14, 2015
  • Información localizada: (in obituary published Apr. 13: Eduardo Galeano; Eduardo Germán María Hughes Galeano; b. Sept. 3, 1940, Montevideo; d. there Monday [Apr. 13, 2015], aged 74; Uruguayan writer who blended literature, journalism, and political satire in reflecting on the vagaries, injustices, and small victories of history)

670 ## - FUENTE EN LA QUE SE LOCALIZARON DATOS

  • Cita de la fuente: Kaduregel ba-or uva-tsel, 2006;
  • Información localizada: portada (אדוארדו גלאנו = Edṿardo Galeʼano) reverso de la portada (Eduardo Galeano [in rom.])

680 ## - NOTA PUBLICA DE ACCESO PÚBLICO

  • Frase explicativa de la referencia: Periodista y escritor uruguayo

902 ## - CATALOGADOR

  • Catalogador: DAA/130208

902 ## - CATALOGADOR

  • Catalogador: NDAF/020223